Narodowe kwiaty - Europa - Statystyki

Ogólne statystyki
  • Ten quiz został rozwiązany 18 razy
  • Średni wynik to 22 z 45
Statystyki odpowiedzi
Hint Odpowiedź % Poprawnych
Luksemburg Biała róża
100%
Rumunia Dzika róża
100%
Macedonia Północna Róża
100%
Wielka Brytania Róża
100%
Bułgaria Róża
100%
Turcja Róża
100%
Mołdawia Róża
100%
Litwa Róża
100%
Słowacja Róża
100%
Czechy Róża
100%
Włochy Lilia
83%
Dania Stokrotka
83%
Węgry Tulipan
83%
Holandia Tulipan
83%
Andora Narcyz
58%
San Marino Brak
50%
Monako Brak
50%
Islandia Brak
50%
Malta Brak
50%
Serbia Brak
50%
Niemcy Chaber
50%
Estonia Chaber
50%
Hiszpania Czerwony goździk
50%
Ukraina Słonecznik
42%
Finlandia Konwalia majowa
33%
Liechtenstein Niezapominajka
33%
Czarnogóra Niezapominajka
33%
Łotwa Niezapominajka
33%
Austria Szarotka alpejska
33%
Belgia Irys
25%
Francja Irys
25%
Słowenia Koniczyna alpejska
17%
Portugalia Lawenda
17%
Rosja Rumianek
17%
Norwegia Wrzos zwyczajny
17%
Grecja Akant
8%
Chorwacja Irys chorwacki
8%
Bośnia i Hercegowina Lilia bośniacka
8%
Albania Mak czerwony
8%
Polska Mak polny
8%
Kosowo Piwonia przechodnia
8%
Irlandia Shamrock
8%
Szwajcaria Szarotka alpejska
8%
Białoruś Kwiat lnu
0%
Szwecja Zimoziół północny
0%
Nie znaleziono quizów pasujących do podanych kryteriów
Rozkład punktacji
Procent ludzi z każdym wynikiem
Percentyl według liczby udzielonych odpowiedzi
Twoja historia wyników
Nie rozwiązałeś tego quizu